Spell the Marvel Character #398 - Statistics

General Stats
  • This quiz has been taken 14 times
  • The average score is 7 of 9
Answer Stats
Picture Answer % Correct
Iron Man
100%
Okoye
100%
Echo
92%
Wasp
77%
Darwin
69%
Rockslide
69%
Dust
62%
Red Widow
54%
Water Snake
46%
No matching quizzes found
Score Distribution
Percent of People with Each Score
Percentile by Number Answered
Your Score History
You have not taken this quiz